| 000 | 00403nam a2200157 i 4500 | ||
|---|---|---|---|
| 001 | 40704 | ||
| 003 | ES-MaACL | ||
| 005 | 20230906160308.0 | ||
| 007 | t| | ||
| 008 | 030306s1966 sp ||||1| spa d | ||
| 245 | 0 | 0 | _aCarreras universitarias técnicas y especiales. |
| 250 | _a4ª ed. act. | ||
| 260 |
_aMadrid : _bReus, _c1966. |
||
| 300 |
_a314 p. ; _c20 cm. |
||
| 852 |
_aES-MaACL _jC-30633 _bR.70230 |
||
| 999 |
_c40704 _d40704 |
||